01334nam a2200313Ia 4500001001200000003000800012006001900020007001500039008004100054020001500095040002100110035002100131050002300152245020600175246003200381250001300413260004000426300001700466533015200483650002700635651005100662651004100713651005100754655002900805700002600834710001700860856012600877999001701003ebr10132045CaPaEBRm u cr cn|||||||||050331s2006 mdu ss 000 0 eng d z1598880098 aCaPaEBRcCaPaEBR a(OCoLC)56783687614aHC101b.B87 2006eb00aBusiness statistics of the United Statesh[electronic resource] :bpatterns of economic change /cCornelia J. Strawser, editor ; associate editors, Mary Meghan Ryan, Mark Siegal, Katherine A. DeBrandt.13aPatterns of economic change a11th ed. aLanham, Md. :bBernan Press,c2006. axliv, 610 p. aElectronic reproduction.bPalo Alto, Calif. :cebrary,d2011.nAvailable via World Wide Web.nAccess may be limited to ebrary affiliated libraries. 0aCommercial statistics. 0aUnited StatesxEconomic conditionsy1981-2001. 0aUnited StatesxCommercevStatistics. 0aUnited StatesxEconomic conditionsy2001-2009. 7aElectronic books.2local1 aStrawser, Cornelia J.2 aebrary, Inc.40uhttp://site.ebrary.com/lib/rucke/Doc?id=10132045zAn electronic book accessible through the World Wide Web; click to view c80538d80538